00370pab a2200133 454500008004000000100001700040245008600057260000900143300001100152362000900163650001900172700001600191773002900207180718b1984 xxu||||| |||| 00| 0 eng d aSullivan, O. aHousing pathways and stratificationbSome evidence from a British National Survey c1984 a147-65 aApr. aHousing - U.K. aM.J. Murphy aJournal of Social Policy